000 00769nam a2200205 i 4500
001 37188
003 ES-MaACL
005 20230906155524.0
007 t|
008 030220s1983 sp ||||1| spa d
100 1 _aBustamante Ezpeleta, Luis.
_932873
245 1 0 _aAptitudes de diferentes especies del género eucaliptus como materia prima celulósica /
_cLuis Bustamante Expeleta, J. A. de los Santos Viqueira.
260 _aMadrid :
_bInstituto Nacional de Investigaciones Agrarias,
_c1983.
300 _a378 p. ;
_c24 cm.
650 4 _aEucaliptos.
_9167289
650 4 _aCelulosa.
_9158799
700 1 _aSantos Viqueira, J. A. de los.
_9103539
710 2 _aInstituto Nacional de Investigaciones Agrarias (España)
_95168
852 _aES-MaACL
_jL-5266
_bR.105811
999 _c37188
_d37188